00505nam a2200109Ia 4500008004100000050002400041100002800065245018100093260008600274300002000360521001500380140724s9999 xx 000 0 und d aHF 5381b.M277 2012 aMangrobang, Mario Jr O. 4aThe level of job satisfaction of selected call center employees in American International Group Business Processing Services, Inc. in Muntinlupa City /cMario O. Mangrobang Jr. aLas Piñas, Philippines :bSouthville International School and Colleges,cc2012. a44 p. :c28 cm. aPsychology